[Event "Foment Martinenc op-A 23rd"]
[Site "Barcelona"]
[Date "2023.05.13"]
[Round "4"]
[White "Molina Figueroa, Antoni"]
[Black "Icart Pujol, Elies"]
[Result "1/2-1/2"]
[WhiteElo "1870"]
[BlackElo "1713"]
[PlyCount "49"]
[EventDate "2023.04.22"]
[EventType "swiss"]
[EventRounds "9"]
[EventCountry "ESP"]
[SourceTitle "EXT 2024"]
[Source "ChessBase"]
[SourceDate "2023.10.10"]
[SourceVersion "1"]
[SourceVersionDate "2023.10.10"]
[SourceQuality "1"]

1. e4 c5 2. d4 cxd4 3. c3 dxc3 4. Nxc3 Nc6 5. Nf3 e6 6. Bc4 a6 7. 0-0 b5 8. Bb3 Bb7 9. Qe2 Nge7 10. Rd1 Na5 11. Bc2 Ng6 12. b3 Rc8 13. Bb2 Bb4 14. Qe3 0-0 15. Rac1 Qc7 16. Bb1 Bc5 17. Qg5 Qb6 18. Qg3 Qc7 19. Qg5 Rfd8 20. h4 Qf4 21. Qxf4 Nxf4 22. Kf1 d5 23. g3 Ng6 24. exd5 exd5 25. Ne2 1/2-1/2

[Event "Barcelona Sant Marti op-B 22nd"]
[Site "Barcelona"]
[Date "2022.07.13"]
[Round "1"]
[White "Icart Pujol, Elies"]
[Black "Uddin Khanam, Ayan"]
[Result "1-0"]
[WhiteElo "1666"]
[BlackElo "1112"]
[PlyCount "53"]
[EventDate "2022.07.13"]
[EventType "swiss"]
[EventRounds "9"]
[EventCountry "ESP"]
[SourceTitle "CBM 210 Extra"]
[Source "ChessBase"]
[SourceDate "2022.11.30"]
[SourceVersion "1"]
[SourceVersionDate "2022.11.30"]
[SourceQuality "1"]

1. d4 Nf6 2. c4 e6 3. Nf3 d5 4. g3 c5 5. cxd5 exd5 6. Bg2 Be7 7. 0-0 0-0 8. Nc3 Nc6 9. dxc5 Bxc5 10. Na4 Bd6 11. Nd4 Nxd4 12. Qxd4 Be6 13. Bg5 Be7 14. Rfd1 h6 15. Bf4 Qd7 16. Rac1 Rfc8 17. Rxc8+ Qxc8 18. Rc1 Qd8 19. Rc7 b6 20. a3 Bd6 21. Bxd6 Qxd6 22. Rc1 Rb8 23. Rd1 Rc8 24. e4 Nxe4 25. Bxe4 Rc4 26. Qxc4 d4 27. Qxd4 1-0